Normal view MARC view
  • Bhattacharjee.T.

Entry Personal Name

Number of records used in: 6

001 - CONTROL NUMBER

  • control field: 2947

003 - CONTROL NUMBER IDENTIFIER

  • control field: OSt

005 - DATE AND TIME OF LATEST TRANSACTION

  • control field: 20170228101518.0

008 - FIXED-LENGTH DATA ELEMENTS

  • fixed length control field: 170228|| aca||aabn | a|a d

040 ## - CATALOGING SOURCE

  • Original cataloging agency: OSt

100 ## - HEADING--PERSONAL NAME

  • Personal name: Bhattacharjee.T.

Powered by Koha